| 000 | 00731nam a22001695i 4500 | ||
|---|---|---|---|
| 001 | 154751 | ||
| 003 | ES-MaACL | ||
| 005 | 20230906205835.0 | ||
| 008 | 040923s1885 sp |||| | spa d | ||
| 040 |
_aCAM _bspa _cCAM |
||
| 110 | 1 |
_aGranada (Archidiócesis). _bArzobispo (1885-1905 : José Moreno Mazon) _9134419 |
|
| 245 | 1 | 0 | _aCarta pastoral que con motivo de la terrible epidemia del cólera dirige a sus diocesanos el señor José Moreno Mazon, arzobispo de Granada. |
| 260 |
_aGranada : _b[s.n.], _c1885 ( _fImprenta de Jerónimo Alonso) |
||
| 300 |
_a24 p. ; _c21 cm. |
||
| 700 | 1 |
_aMoreno Mazón, José. _9144818 |
|
| 852 |
_aES-MaACL _jT-427-F-15 _z-- Enc. hol. _q-- Falto de la cub. original _z-- Enc. en un vol. facticio |
||
| 999 |
_c154751 _d154751 |
||